Top 15 des plus grandes villes de France - Statistiques

Statistiques générales
  • Ce quiz a été pris 164 fois
  • Le résultat moyen est 13 sur 15
Statistiques - réponses
Nombre d'habitants Villes % Correct
2 113 705 Paris
100%
877 215 Marseille
99%
520 774 Lyon
98%
237 173 Lille
94%
511 684 Toulouse
94%
265 328 Bordeaux
93%
353 701 Nice
91%
291 313 Strasbourg
91%
323 448 Nantes
88%
221 272 Rennes
84%
295 542 Montpellier
80%
176 198 Toulon
66%
171 483 St Etienne
62%
179 992 Reims
59%
165 960 Le Havre
55%
Aucun quiz correspondant
Distribution des résultats
% des personnes avec chaque résultat
Percentile par nombre de réponses
Votre historique - résultats
Vous n’avez pas pris ce quiz